| 000 | 02299nam a22003617i 4500 | ||
|---|---|---|---|
| 001 | ssj0001674666 | ||
| 003 | EG-ScBUE | ||
| 005 | 20260406094430.0 | ||
| 008 | 160627t2016 caua f b 001 0 eng d | ||
| 020 | _a9781491922835 | ||
| 035 | _a(OCoLC)ocn902657878 | ||
| 040 |
_aYDXCP _beng _erda _cYDXCP _dOCLCQ _dBDX _dBTCTA _dOCLCQ _dAPL _dCLE _dCDX _dOCLCF _dCHVBK _dCDN _dDLC _dWaSeSS _dEG-ScBUE |
||
| 082 | 0 | 4 |
_a006.8 _222 _bPAR |
| 100 | 1 |
_aParisi, Tony, _eauthor. |
|
| 245 | 1 | 0 |
_aLearning virtual reality : _bdeveloping immersive experiences and applications for desktop, web, and mobile / _cTony Parisi. |
| 246 | 3 | 0 | _aDeveloping immersive experiences and applications for desktop, web, and mobile |
| 250 | _aFirst edition. | ||
| 264 | 1 |
_aSebastopol, CA : _bO'Reilly Media, Inc., _c[2016] |
|
| 264 | 4 | _cc2016 | |
| 300 |
_axi, 156 pages : _billustrations ; _c24 cm |
||
| 336 |
_2rdacontent _atext _btxt |
||
| 337 |
_2rdamedia _aunmediated _bn |
||
| 338 |
_2rdacarrier _avolume _bnc |
||
| 504 | _aIncludes bibliographical references and index. | ||
| 505 | 0 | _aVirtual reality hardware -- Going native : developing for Oculus Rift on the desktop -- Going mobile : developing for Gear VR -- WebVR : browser-based virtual reality in HTML5 -- VR everywhere : Google Cardboard for low-cost mobile virtual reality -- Your first VR application. | |
| 506 | _aAvailable on campus and off campus with authorized login. | ||
| 520 |
_a"As virtual reality approaches mainstream consumer use, a vibrant development ecosystem has emerged in the past few years. This hands-on guide takes you through VR development essentials for desktop, mobile, and browser-based applications. You'll explore the three go-to platforms--Oculus VR, Gear VR, and Cardboard VR--as well as several VR development environments, programming tools, and techniques. If you're an experienced programmer familiar with mobile development, this book will help you gain a working knowledge of VR development through clear and simple examples. Once you create a complete application in the final chapter, you'll have a jumpstart on the next major entertainment medium."-- _cBack cover. |
||
| 650 | 7 |
_aVirtual reality. _2BUEsh |
|
| 650 | 7 |
_aWeb applications. _2BUEsh |
|
| 650 | 7 |
_aMobile apps. _2BUEsh |
|
| 655 | _vReading book | ||
| 942 |
_2ddc _cBB |
||
| 999 |
_c31169 _d31140 |
||